[Event "Game 1672 - Rated game, 15m + 0s"]
[Site "Beginners"]
[Date "2003.09.04"]
[Round "?"]
[White "kmreese"]
[Black "atze_z"]
[Result "1-0"]
[WhiteElo "1433"]
[BlackElo "1063"]
[PlyCount "49"]

1. e4 e5 2. Nf3 Nc6 3. Bc4 Nf6 4. Ng5 Qe7
5. Bxf7+ Kd8 6. Nc3 h6 7. Nd5 Nxd5 8. Qh5 Qxg5
9. Qxg5+ hxg5 10. exd5 Nd4 11. O-O d6 12. d3 Bf5
13. Bxg5+ Be7 14. f4 exf4 15. Bxf4 Rf8 16. Bh5 Kd7
17. c3 Ne2+ 18. Kh1 Bxd3 19. Bg4+ Bf5 20. Bxe2 Be4
21. Bb5+ Kd8 22. Rae1 Rf5 23. c4 Bd3 24. Rf3 Bh4
25. Re8# 1-0

[Event "Game 1674 - Rated game, 10m + 5s"]
[Site "Main Playing Hall"]
[Date "2003.09.05"]
[Round "?"]
[White "baronnegro"]
[Black "kmreese"]
[Result "0-1"]
[WhiteElo "1233"]
[BlackElo "1437"]
[PlyCount "26"]

1. e4 c5 2. Nf3 d6 3. d4 cxd4 4. Nxd4 Nf6
5. Nc3 e5 6. Ndb5 a6 7. Na3 Nc6 8. Nc4 b5
9. Ne3 Nd4 10. g3 d5 11. Nexd5 Ng4 12. h3 b4
13. Ne2 Nf3# 0-1

[Event "Game 1675 - Rated game, 10m + 0s"]
[Site "Beginners"]
[Date "2003.09.06"]
[Round "?"]
[White "Zocki"]
[Black "kmreese"]
[Result "1-0"]
[WhiteElo "1201"]
[BlackElo "1445"]
[Annotator "Black - Time"]
[PlyCount "79"]
[EventDate "2003.??.??"]

1. e4 c5 2. Bc4 e6 3. Qf3 Nf6 4. e5 b5
5. Bxb5 Nd5 6. c4 Nc7 7. Nc3 f5 8. Qh5+ g6
9. Qf3 a6 10. Bc6 dxc6 11. Qxc6+ Bd7 12. Qb7 Bc6
13. Qb3 Bh6 14. Nf3 Nd7 15. O-O Rb8 16. Qc2 O-O
17. d3 f4 18. h3 g5 19. g4 fxg3 20. fxg3 g4
21. hxg4 Bxf3 22. Bxh6 Nxe5 23. Bxf8 Qxf8 24. Rae1 Nxg4
25. Ne4 Qf5 26. Re2 Rf8 27. Nd6 Qh5 28. Rh2 Qe5
29. Ne4 Qd4+ 30. Nf2 Nxh2 31. Kxh2 Qf6 32. Qd2 e5
33. Ng4 Qe6 34. Kh3 Qxg4+ 35. Kh2 Qh5+ 36. Kg1 Qh1+
37. Kf2 Bg4+ 38. Ke3 Rf3+ 39. Ke4 Rf4+ 40. Ke3 {Black - Time} 1-0

[Event "Game 1676 - Rated game, 2m + 2s"]
[Site "Beginners"]
[Date "2003.09.06"]
[Round "?"]
[White "kmreese"]
[Black "Klassiker"]
[Result "1-0"]
[WhiteElo "1416"]
[BlackElo "1015"]
[Annotator "Black - Resign"]
[PlyCount "31"]

1. e4 e5 2. Nf3 Nc6 3. Bc4 Nf6 4. Ng5 Qe7
5. Nxf7 Qxf7 6. Bxf7+ Kxf7 7. O-O d5 8. f4 Nxe4
9. fxe5+ Ke6 10. Qg4+ Kxe5 11. Qf5+ Kd6 12. d3 Ne7
13. Qf4+ Ke6 14. dxe4 dxe4 15. Nc3 Nf5 16. Qxe4+ {Black - Resign} 1-0

[Event "Game 1677 - Rated game, 15m + 0s"]
[Site "Beginners"]
[Date "2003.09.06"]
[Round "?"]
[White "kmreese"]
[Black "fencingcoach"]
[Result "0-1"]
[WhiteElo "1419"]
[BlackElo "1351"]
[Annotator "White - Resign"]
[PlyCount "98"]

1. e4 c5 2. f4 Nc6 3. Bc4 e6 4. e5 Qh4+
5. g3 Qh6 6. d4 cxd4 7. Nf3 Qh5 8. O-O Bc5
9. Qd3 Qg6 10. f5 Qxf5 11. Qxf5 exf5 12. Ng5 Nxe5
13. Bb3 d3+ 14. Kh1 b6 15. Rxf5 Bb7+ 16. Nf3 Nxf3
17. Bxf7+ Kd8 18. Kg2 Nh4+ 19. Kh3 Nxf5 20. Bg5+ Nfe7
21. Nc3 Bd4 22. Nb5 Bxb2 23. Re1 Bf6 24. Bf4 Bd5
25. Bc7+ Kc8 26. cxd3 Bxf7 27. Rc1 Be6+ 28. g4 h5
29. Bxb6+ Kb7 30. Ba5 hxg4+ 31. Kg2 Bd5+ 32. Kf2 Bh4+
33. Ke3 Bg5+ 34. Kd4 Rxh2 35. Nd6+ Ka6 36. Rc5 Nc6+
37. Kxd5 Nf6+ 38. Kc4 Nxa5+ 39. Kb4 Rb8+ 40. Kc3 g3
41. Rxg5 g2 42. Rxg7 Nc6 43. a4 Ne5 44. Nf5 Nf3
45. Rg6 g1=Q 46. Rxf6+ Rb6 47. Nd6 Qa1+ 48. Kc4 Qxf6
49. a5 Nd2+ { White - Resign} 0-1

[Event "Game 1678 - Rated game, 15m + 0s"]
[Site "Beginners"]
[Date "2003.09.06"]
[Round "?"]
[White "fencingcoach"]
[Black "kmreese"]
[Result "1-0"]
[WhiteElo "1373"]
[BlackElo "1398"]
[Annotator "Black - Resign"]
[PlyCount "41"]

1. e4 c5 2. Nf3 d6 3. Bc4 Nf6 4. Nc3 Bg4
5. h3 Bh5 6. Bb5+ Nc6 7. g4 Bg6 8. d4 a6
9. Bxc6+ bxc6 10. dxc5 d5 11. e5 Nd7 12. Nd4 Nxe5
13. f4 f5 14. fxe5 fxg4 15. hxg4 e6 16. Nxe6 Qe7
17. Nxf8 Qxe5+ 18. Qe2 Be4 19. Nxe4 d4 20. Nd6+ Kxf8
21. Qxe5 {Black - Resign} 1-0

[Event "Game 1679 - Rated game, 1m + 0s"]
[Site "Beginners"]
[Date "2003.09.06"]
[Round "?"]
[White "kmreese"]
[Black "Kaysa"]
[Result "0-1"]
[WhiteElo "1275"]
[BlackElo "1358"]
[Annotator "White - Time"]
[PlyCount "44"]

1. e4 e5 2. Nf3 c6 3. Bc4 d5 4. exd5 cxd5
5. Bb5+ Bd7 6. Bxd7+ Nxd7 7. d4 e4 8. Ng5 f6
9. Nh3 g5 10. Nc3 h5 11. f3 g4 12. Nf4 Nh6
13. Ne6 Qe7 14. fxe4 dxe4 15. d5 Nf5 16. Nc7+ Kd8
17. Nxa8 Qd6 18. Nb5 Qxd5 19. Qxd5 Bd6 20. Qxb7 Ke7
21. Nxd6 Kxd6 22. Qc7+ Ke7 {White - Time} 0-1

[Event "Game 1680 - Rated game, 20m + 3s"]
[Site "Main Playing Hall"]
[Date "2003.09.07"]
[Round "?"]
[White "Xam"]
[Black "kmreese"]
[Result "1-0"]
[WhiteElo "1373"]
[BlackElo "1567"]
[Annotator "Black - Resign"]
[PlyCount "49"]

1. e4 c5 2. Nf3 Nf6 3. e5 Nd5 4. Nc3 e6
5. Nxd5 exd5 6. d4 c4 7. b3 Bb4+ 8. Bd2 c3
9. Bg5 f6 10. exf6 gxf6 11. Bh6 Nc6 12. Qd3 Qe7+
13. Be2 Rg8 14. O-O d6 15. a3 Ba5 16. b4 Bb6
17. Qxc3 Rg6 18. Qd2 Bg4 19. Bd3 f5 20. Rae1 Re6
21. Rxe6 Qxe6 22. Re1 Ne5 23. dxe5 Qg6 24. exd6+ Kd7
25. Ne5+ {Black - Resign} 1-0

[Event "Game 1684 - Rated game, 1m + 0s"]
[Site "Main Playing Hall"]
[Date "2003.09.09"]
[Round "?"]
[White "Crumbles"]
[Black "kmreese"]
[Result "1-0"]
[WhiteElo "1259"]
[BlackElo "1234"]
[Annotator "Black - Time"]
[PlyCount "41"]

1. d3 d5 2. e4 Nc6 3. Nd2 e5 4. g3 dxe4
5. dxe4 Nd4 6. a4 Bb4 7. Bb5+ c6 8. Bc4 Bxd2+
9. Bxd2 Bg4 10. Qxg4 Nxc2+ 11. Kd1 Nxa1 12. Qxg7 Ne7
13. Qxh8+ Kd7 14. Qxe5 Kc8 15. Ke1 Nc2+ 16. Kd1 Nb4
17. Ne2 Na2 18. Bxa2 f6 19. Qxf6 a5 20. Be6+ Kb8
21. Bd7 {Black - Time} 1-0

[Event "Game 1685 - Rated game, 8m + 0s"]
[Site "Beginners"]
[Date "2003.09.09"]
[Round "?"]
[White "Delavega"]
[Black "kmreese"]
[Result "1-0"]
[WhiteElo "1367"]
[BlackElo "1387"]
[Annotator "Black - Resign"]
[PlyCount "51"]

1. e4 e5 2. Nf3 d5 3. Nxe5 dxe4 4. d3 c6
5. Nc3 Nf6 6. dxe4 Qxd1+ 7. Kxd1 Bc5 8. Be3 Bxe3
9. fxe3 O-O 10. Bc4 Be6 11. Ke2 b5 12. Bd3 Rd8
13. b3 Na6 14. a3 Nc5 15. Rad1 Nxd3 16. Rxd3 Re8
17. Nxc6 Bg4+ 18. Kf2 Rac8 19. Nxa7 Rc5 20. b4 Nxe4+
21. Nxe4 Rf5+ 22. Kg3 Rxe4 23. h3 h5 24. hxg4 Rg5
25. Kf3 hxg4+ 26. Kxe4 {Black - Resign} 1-0

[Event "Game 1686 - Rated game, 15m + 0s"]
[Site "Main Playing Hall"]
[Date "2003.09.10"]
[Round "?"]
[White "kmreese"]
[Black "sexy1"]
[Result "1-0"]
[WhiteElo "1368"]
[BlackElo "1262"]
[PlyCount "51"]

1. e4 e6 2. d4 Qh4 3. e5 Qe4+ 4. Be3 Nh6
5. Nc3 Qg6 6. Bd3 Qxg2 7. Be4 Qg4 8. f3 Qh5
9. h4 Bb4 10. Nh3 Qxh4+ 11. Bf2 Qe7 12. Nf4 f5
13. Bd3 Nf7 14. d5 Nxe5 15. Bh4 g5 16. d6 cxd6
17. Nh5 gxh4 18. Kf1 Qg5 19. f4 Qg4 20. Nf6+ Ke7
21. Nxg4 Nxg4 22. Qe1 Nc6 23. Qxh4+ Ke8 24. Re1 Nd4
25. Nd5 Bxe1 26. Qe7# 1-0

[Event "Game 1688 - Friendly Game, 15m + 0s"]
[Site "Main Playing Hall"]
[Date "2003.09.12"]
[Round "?"]
[White "kmreese"]
[Black "number7"]
[Result "1-0"]
[WhiteElo "1380"]
[BlackElo "1405"]
[Annotator "Black - Time"]
[PlyCount "61"]

1. e4 c6 2. d4 d5 3. e5 Bf5 4. Nf3 e6
5. Nc3 Nd7 6. Bd3 Bxd3 7. Qxd3 c5 8. Be3 Rc8
9. Qb5 Qc7 10. dxc5 a6 11. Qa4 Ne7 12. c6 Nxc6
13. Rd1 Nb6 14. Qf4 Nc4 15. Ng5 N4xe5 16. Qa4 Bd6
17. f4 Nc4 18. Rxd5 Nxe3 19. Rd3 Nxg2+ 20. Kf1 Nxf4
21. Rf3 f6 22. Nxe6 Qe7 23. Nxf4 O-O 24. Ncd5 Qe5
25. Re3 Qxb2 26. Nb6 Qc1+ 27. Kg2 Qxe3 28. Nxc8 Rxc8
29. Nd5 Re8 30. Nxe3 Rxe3 31. Qc4+ {Black - Time} 1-0

[Event "Game 1689 - Rated game, 10m + 0s"]
[Site "Main Playing Hall"]
[Date "2003.09.12"]
[Round "?"]
[White "kmreese"]
[Black "PowerChess1"]
[Result "0-1"]
[WhiteElo "1380"]
[BlackElo "1314"]
[Annotator "White - Resign"]
[PlyCount "56"]

1. e4 e6 2. d4 d5 3. e5 c5 4. Nf3 Nd7
5. Bb5 Qb6 6. a4 a6 7. Be2 cxd4 8. Nxd4 Nxe5
9. a5 Qd8 10. O-O Nf6 11. f4 Ned7 12. Re1 Bd6
13. f5 Nc5 14. b4 Nce4 15. fxe6 Bxe6 16. Nf5 Bxf5
17. Bd3 O-O 18. Rf1 Qd7 19. Na3 Be6 20. b5 Nc3
21. Qe1 Nxb5 22. c4 Nxa3 23. Bxa3 dxc4 24. Bxd6 Qxd6
25. Bc2 Ng4 26. g3 Qd4+ 27. Kh1 Bd5+ 28. Be4 Bxe4+ {White - Resign} 0-1

[Event "Game 1690 - Rated game, 10m + 5s"]
[Site "Main Playing Hall"]
[Date "2003.09.12"]
[Round "?"]
[White "slamit"]
[Black "kmreese"]
[Result "0-1"]
[WhiteElo "1219"]
[BlackElo "1359"]
[Annotator "White - Resign"]
[PlyCount "54"]

1. Nf3 d5 2. Nc3 Nf6 3. d4 e6 4. Bg5 Be7
5. e3 O-O 6. Ne5 Ne4 7. Nxe4 dxe4 8. Bf4 f6
9. Ng4 f5 10. Ne5 Bd6 11. Qh5 Bxe5 12. Bxe5 Nc6
13. Bf4 Nb4 14. Bg5 Qd7 15. O-O-O Qc6 16. c3 Nxa2+
17. Kb1 Qa4 18. Bc4 Qxc4 19. Be7 Rf7 20. Bb4 e5
21. dxe5 Be6 22. Rd4 Qb3 23. Qd1 Nxc3+ 24. Bxc3 Qa2+
25. Kc1 Qa1+ 26. Kc2 Qa2 27. Bb4 Bb3+ {White - Resign} 0-1

[Event "Game 1691 - Rated game, 20m + 0s"]
[Site "Beginners"]
[Date "2003.09.13"]
[Round "?"]
[White "kmreese"]
[Black "galah"]
[Result "1-0"]
[WhiteElo "1540"]
[BlackElo "1439"]
[Annotator "Black - Resign"]
[PlyCount "45"]

1. e4 e5 2. Nf3 Nc6 3. Bc4 Bc5 4. O-O Nf6
5. d3 O-O 6. Bg5 h6 7. Bh4 g5 8. Bg3 Nh5
9. Nxe5 Nxe5 10. Bxe5 d6 11. Qxh5 dxe5 12. Qg6+ Kh8
13. Qxh6+ Kg8 14. Kh1 Be6 15. Nd2 Bd4 16. Bxe6 fxe6
17. Qxe6+ Kh8 18. Nf3 Bxb2 19. Rad1 Rf6 20. Qh3+ Kg7
21. Nxg5 Rh6 22. Qg3 Rh5 23. Ne6+ {Black - Resign} 1-0

[Event "Game 1692 - Rated game, 1m + 2s"]
[Site "Main Playing Hall"]
[Date "2003.09.13"]
[Round "?"]
[White "kmreese"]
[Black "easy1"]
[Result "1-0"]
[WhiteElo "1187"]
[BlackElo "1076"]
[Annotator "Black - Time"]
[PlyCount "43"]

1. e4 d5 2. exd5 Qxd5 3. Nf3 Qe4+ 4. Be2 Qg4
5. h3 Qxg2 6. Rg1 Qxh3 7. d4 Bg4 8. Nc3 Bxf3
9. Bxf3 Qh2 10. Rh1 Qd6 11. d5 Qe5+ 12. Ne4 e6
13. d6 cxd6 14. Be3 d5 15. Nc5 Qxb2 16. Nxb7 Qxb7
17. Rb1 Qc7 18. Rh5 Qc3+ 19. Bd2 Qd4 20. c3 Qf6
21. c4 Qg6 22. Rg5 {Black - Time} 1-0

[Event "Game 1694 - Rated game, 6m + 0s"]
[Site "Beginners"]
[Date "2003.09.13"]
[Round "?"]
[White "kmreese"]
[Black "hergi"]
[Result "0-1"]
[WhiteElo "1344"]
[BlackElo "1415"]
[Annotator "White - Time"]
[PlyCount "108"]

1. e4 e5 2. Nf3 Nc6 3. Bc4 Nf6 4. Ng5 Qe7
5. Bxf7+ Kd8 6. Bc4 h6 7. Nf7+ Ke8 8. Nxh8 d6
9. Ng6 Qd7 10. Nxf8 Kxf8 11. Bb5 a6 12. Ba4 b5
13. Bb3 Qe7 14. Nc3 Be6 15. Bxe6 Qxe6 16. O-O Nd4
17. d3 Kg8 18. f4 Rf8 19. f5 Qf7 20. Be3 Qh5
21. Qd2 Ng4 22. h3 Nxe3 23. Qxe3 Nxc2 24. Qg3 Nxa1
25. Nd5 Nc2 26. f6 g6 27. Ne7+ Kf7 28. Nf5 Nd4
29. Nxd4 exd4 30. e5 Qxe5 31. Re1 Qxf6 32. Rf1 Qxf1+
33. Kxf1 Kg7+ 34. Kg1 Rf5 35. h4 h5 36. b4 Re5
37. Kf2 Re3 38. Qf4 Rxd3 39. Qg5 Re3 40. Qd8 Re5
41. Qxc7+ Kh6 42. Qxd6 Rf5+ 43. Ke2 d3+ 44. Kxd3 Rf2
45. Qxa6 Rxg2 46. Qxb5 Rg3+ 47. Kc2 Rg2+ 48. Kb3 Rg3+
49. Kb2 Rh3 50. Qg5+ Kg7 51. Qe5+ Kh6 52. Qc7 Rxh4
53. Qc1+ Kg7 54. Qc2 Kh6 {White - Time} 0-1

[Event "Game 1695 - Rated game, 10m + 0s"]
[Site "Beginners"]
[Date "2003.09.13"]
[Round "?"]
[White "Zocki"]
[Black "kmreese"]
[Result "0-1"]
[WhiteElo "1128"]
[BlackElo "1330"]
[PlyCount "74"]

1. e4 c5 2. Bc4 Nf6 3. Qf3 Nc6 4. c3 e6
5. Nh3 Ne5 6. Qe2 a6 7. b3 b5 8. Bd3 c4
9. bxc4 bxc4 10. Bxc4 Bc5 11. Na3 Nfg4 12. d4 Nxc4
13. Nxc4 Ba7 14. Qxg4 d5 15. Qxg7 Rf8 16. e5 dxc4
17. Bg5 Qa5 18. Qxh7 Qxc3+ 19. Bd2 Qxa1+ 20. Ke2 Qxh1
21. Ng5 Qa1 22. Nxe6 Bxe6 23. Bh6 Qxa2+ 24. Kf3 Bd5+
25. Kg3 Qa3+ 26. f3 c3 27. Bxf8 Qxf8 28. Qc2 Rc8
29. Qa4+ Bc6 30. Qxa6 c2 31. Qxa7 c1=Q 32. Qa6 Qg5+
33. Kf2 Qd2+ 34. Kg3 Qg8+ 35. Kh3 Bd7+ 36. g4 Qh8+
37. Kg3 Qdxh2# 0-1

[Event "Game 1698 - Rated game, 15m + 15s"]
[Site "Main Playing Hall"]
[Date "2003.09.13"]
[Round "?"]
[White "kmreese"]
[Black "cytokine"]
[Result "0-1"]
[WhiteElo "1553"]
[BlackElo "1400"]
[Annotator "White - Resign"]
[PlyCount "56"]

1. e4 d5 2. d4 dxe4 3. Nc3 Bf5 4. g4 Bg6
5. d5 Nf6 6. Nge2 c6 7. Nf4 Nxd5 8. Nxg6 hxg6
9. Nxe4 f5 10. gxf5 gxf5 11. Nc5 Qc7 12. Ne6 Qd7
13. Nc5 Qc8 14. Bc4 e6 15. O-O Bxc5 16. Re1 Bd6
17. Kf1 Rxh2 18. Bg5 b5 19. Bd3 g6 20. Qf3 Kd7
21. c4 bxc4 22. Bxc4 Qh8 23. Ke2 Rh3 24. Qg2 Qxb2+
25. Bd2 Qe5+ 26. Kf1 Rh2 27. Qg1 Qd4 28. Qxh2 Bxh2 {White - Resign} 0-1

[Event "Game 1702 - Rated game, 15m + 0s"]
[Site "Beginners"]
[Date "2003.09.14"]
[Round "?"]
[White "ME74"]
[Black "kmreese"]
[Result "0-1"]
[WhiteElo "1178"]
[BlackElo "1361"]
[Annotator "White - Resign"]
[PlyCount "36"]

1. e4 c5 2. Nf3 d6 3. d4 e6 4. dxc5 Qa5+
5. Nc3 Qxc5 6. Bd3 Nf6 7. Be3 Qh5 8. O-O Ng4
9. h3 Nxe3 10. fxe3 e5 11. Nb5 Na6 12. g4 Qxh3
13. Bc4 Bxg4 14. Ng5 Qg3+ 15. Kh1 Bxd1 16. Rxf7 Qxg5
17. Nxd6+ Bxd6 18. Bb5+ Kxf7 {White - Resign} 0-1

[Event "Game 1703 - Rated game, 15m + 0s"]
[Site "Beginners"]
[Date "2003.09.14"]
[Round "?"]
[White "Byteworm"]
[Black "kmreese"]
[Result "0-1"]
[WhiteElo "1187"]
[BlackElo "1370"]
[Annotator "White - Resign"]
[PlyCount "46"]

1. e4 c5 2. d4 cxd4 3. Qxd4 Nc6 4. Qd1 e5
5. Bc4 Bc5 6. Qf3 f6 7. Bxg8 Rxg8 8. Qb3 Rf8
9. Na3 Nd4 10. Qd5 Bxa3 11. Kd1 d6 12. bxa3 f5
13. Be3 Nc6 14. Rb1 f4 15. Bd2 Rf6 16. Ne2 Be6
17. Qb5 f3 18. Qxb7 fxe2+ 19. Kxe2 Nd4+ 20. Kd1 Rxf2
21. Be3 Bg4+ 22. Ke1 Re2+ 23. Kf1 Rxe3 {White - Resign} 0-1

[Event "Game 1704 - Rated game, 15m + 2s"]
[Site "Beginners"]
[Date "2003.09.15"]
[Round "?"]
[White "kmreese"]
[Black "Fischerfanatic2"]
[Result "1/2-1/2"]
[WhiteElo "1528"]
[BlackElo "1560"]
[PlyCount "79"]
[EventDate "2003.??.??"]

1. e4 e5 2. Nf3 Nc6 3. Bc4 Nf6 4. Ng5 d5
5. Bb3 Be6 6. d4 Nxd4 7. Nxe6 fxe6 8. exd5 exd5
9. Bg5 Be7 10. Ba4+ c6 11. c3 Nf5 12. O-O O-O
13. f4 e4 14. Nd2 Bc5+ 15. Kh1 b5 16. Bc2 Ne3
17. Qe2 Nxf1 18. Rxf1 Re8 19. b4 Bb6 20. Rd1 h6
21. Bh4 e3 22. Ne4 Rxe4 23. Bxe4 Qe7 24. Bg6 Qd6
25. Qd3 Ne4 26. Bxe4 Qxf4 27. Bh7+ Kh8 28. Rf1 Qg4
29. Bg3 Re8 30. Rf4 Qg5 31. Bg6 Rd8 32. a3 a6
33. Rf3 Qe7 34. h4 e2 35. Be1 Qe5 36. Rf5 Qe7
37. Rf7 Qe5 38. Rf5 Qe7 39. Rf7 Qe5 40. Rf5 { Draw - 3 Fold Rep} 1/2-1/2

[Event "Game 1706 - Rated game, 15m + 0s"]
[Site "Main Playing Hall"]
[Date "2003.09.16"]
[Round "?"]
[White "kmreese"]
[Black "Neil353"]
[Result "1-0"]
[WhiteElo "1380"]
[BlackElo "1236"]
[Annotator "Black - Resign"]
[PlyCount "79"]

1. e4 e5 2. Nf3 Nc6 3. Bc4 Nf6 4. Ng5 Qe7
5. Bxf7+ Kd8 6. d3 Nd4 7. O-O h6 8. c3 hxg5
9. cxd4 Qxf7 10. dxe5 Ne8 11. Nc3 g6 12. d4 Qh7
13. h3 d6 14. Nd5 Bxh3 15. Bxg5+ Kc8 16. exd6 Bxg2
17. Qg4+ Qd7 18. Qxg2 Nxd6 19. Rac1 Nb5 20. Bf4 c6
21. Nf6 Qh3 22. Qg4+ Qxg4+ 23. Nxg4 Nxd4 24. e5 Rg8
25. Rce1 Nf3+ 26. Kg2 Nxe1+ 27. Rxe1 Be7 28. e6 g5
29. Nh6 Rg6 30. Nf5 gxf4+ 31. Kf3 Bb4 32. Rd1 Rxe6
33. Kxf4 Kc7 34. Nd4 Rf8+ 35. Kg5 Be7+ 36. Kh5 Re5+
37. Kg6 Rf6+ 38. Kg7 Bf8+ 39. Kxf6 Be7+ 40. Kxe5 {Black - Resign} 1-0

[Event "Game 1707 - Rated game, 10m + 0s"]
[Site "Beginners"]
[Date "2003.09.17"]
[Round "?"]
[White "kmreese"]
[Black "Whisky Mac"]
[Result "1-0"]
[WhiteElo "1391"]
[BlackElo "1245"]
[Annotator "Black - Resign"]
[PlyCount "101"]

1. e4 e5 2. Nf3 Nc6 3. Bc4 Qf6 4. d3 Bc5
5. O-O d6 6. Ng5 Nh6 7. Nc3 Ng4 8. Bxf7+ Kf8
9. d4 Qh6 10. Ne6+ Kxf7 11. Bxh6 Bxe6 12. d5 Nd4
13. dxe6+ Kxe6 14. Qxg4+ Kf7 15. Qxg7+ Ke6 16. Qg4+ Kf7
17. Nd5 Rhg8 18. Qd7+ Kg6 19. Bf4 Ne2+ 20. Kh1 Nxf4
21. Nxf4+ exf4 22. Qe6+ Kg7 23. Qg4+ Kh6 24. Qxf4+ Rg5
25. Rae1 d5 26. h4 Bd6 27. Qf6+ Rg6 28. Qf7 Rag8
29. e5 Bb4 30. Qf4+ Kh5 31. Qxb4 Rxg2 32. e6 R8g4
33. Qxg4+ Rxg4 34. e7 Rxh4+ 35. Kg2 Rg4+ 36. Kf3 Rg8
37. Rg1 Re8 38. Rh1+ Kg5 39. Rxh7 Kf6 40. Rh6+ Kf7
41. Kf4 Rxe7 42. Rxe7+ Kxe7 43. Ke5 c6 44. f4 b5
45. f5 Kf7 46. b4 a6 47. Rxc6 d4 48. Kxd4 a5
49. bxa5 b4 50. a6 b3 51. cxb3 { Black - Resign} 1-0

[Event "Game 1709 - Rated game, 20m + 0s"]
[Site "Main Playing Hall"]
[Date "2003.09.18"]
[Round "?"]
[White "calgarov"]
[Black "kmreese"]
[Result "0-1"]
[WhiteElo "1445"]
[BlackElo "1529"]
[PlyCount "54"]

1. e4 c5 2. Nf3 d6 3. d4 Nf6 4. Bc4 Nxe4
5. Nc3 d5 6. Bxd5 Nxc3 7. Bxf7+ Kxf7 8. Ne5+ Ke8
9. Qf3 Be6 10. Qxc3 cxd4 11. Qf3 Bd5 12. Qf4 g6
13. Rg1 h5 14. Qxd4 Bg7 15. Bf4 Nc6 16. Qa4 Rc8
17. O-O-O Kf8 18. Nxg6+ Kg8 19. Nxh8 Kxh8 20. c4 Na5
21. Rxd5 Qxd5 22. Kb1 Rxc4 23. Qe8+ Kh7 24. g3 Qd3+
25. Ka1 Qa3 26. Bc1 Rxc1+ 27. Rxc1 Qxb2# 0-1

[Event "Game 1710 - Rated game, 12m + 2s"]
[Site "Beginners"]
[Date "2003.09.18"]
[Round "?"]
[White "Mantis1"]
[Black "kmreese"]
[Result "0-1"]
[WhiteElo "1186"]
[BlackElo "1401"]
[PlyCount "32"]

1. e4 c5 2. e5 d5 3. d4 c4 4. c3 Nc6
5. Nf3 Bg4 6. Qd2 f6 7. Nh4 fxe5 8. Qg5 Qd7
9. dxe5 h6 10. Qg6+ Kd8 11. Qf7 Nxe5 12. Qxf8+ Qe8
13. Qxg7 Nf6 14. Be3 Qa4 15. Qxh8+ Kd7 16. Qxa8 Qd1# 0-1

[Event "Game 1712 - Rated game, 10m + 5s"]
[Site "Main Playing Hall"]
[Date "2003.09.20"]
[Round "?"]
[White "kmreese"]
[Black "Lobo Solitario 1"]
[Result "1-0"]
[WhiteElo "1410"]
[BlackElo "1224"]
[Annotator "Black - Resign"]
[PlyCount "23"]
[EventDate "2003.??.??"]

1. e4 c5 2. Nf3 Nc6 3. Bc4 e6 4. e5 g6
5. d3 d5 6. exd6 Qxd6 7. Ng5 Bg7 8. O-O Nf6
9. Re1 O-O 10. Nc3 Nd4 11. Nge4 a6 12. Nxd6 {Black - Resign} 1-0

[Event "Game 1713 - Rated game, 10m + 5s"]
[Site "Main Playing Hall"]
[Date "2003.09.20"]
[Round "?"]
[White "Lobo Solitario 1"]
[Black "kmreese"]
[Result "1-0"]
[WhiteElo "1214"]
[BlackElo "1419"]
[Annotator "Black - Resign"]
[PlyCount "77"]
[EventDate "2003.??.??"]

1. e4 c5 2. Nf3 d6 3. Bc4 Bg4 4. O-O Nc6
5. Bb5 Nf6 6. d4 Qa5 7. c4 Nxe4 8. d5 O-O-O
9. dxc6 d5 10. Nc3 dxc4 11. cxb7+ Kc7 12. Bf4+ Kxb7
13. Qxd8 Qxd8 14. Bxc4 Bxf3 15. gxf3 Nxc3 16. bxc3 e6
17. Rab1+ Ka8 18. Rb8+ Qxb8 19. Bxb8 Kxb8 20. Rb1+ Kc7
21. Ba6 Kd6 22. Rb7 f5 23. Rxa7 g5 24. Ra8 Ke7
25. Bc4 f4 26. Ra6 e5 27. Re6+ Kd7 28. Rxe5 h6
29. Bb5+ Kd6 30. Re8 h5 31. Bd3 Kd5 32. a4 c4
33. Be4+ Kd6 34. a5 g4 35. fxg4 hxg4 36. a6 f3
37. a7 Kd7 38. Rb8 g3 39. hxg3 { Black - Resign} 1-0

[Event "Game 1714 - Friendly Game, 15m + 0s"]
[Site "Main Playing Hall"]
[Date "2003.09.20"]
[Round "?"]
[White "number7"]
[Black "kmreese"]
[Result "1-0"]
[WhiteElo "1405"]
[BlackElo "1391"]
[Annotator "Black - Resign"]
[PlyCount "68"]

1. e4 c5 2. Nf3 d6 3. d4 Nd7 4. Bc4 b5
5. Bxb5 Qa5+ 6. Nc3 Ngf6 7. Bxd7+ Bxd7 8. Bd2 Qa6
9. h3 cxd4 10. Nxd4 e5 11. Nf3 Be7 12. Be3 O-O
13. Qd2 Rab8 14. O-O-O Qb7 15. b3 d5 16. Nxe5 Ba3+
17. Kb1 Bb4 18. Nxd7 Qxd7 19. Qd3 Rfc8 20. Nxd5 Nxd5
21. Qxd5 Qc7 22. c4 Rd8 23. Qg5 Be7 24. Bf4 Qc6
25. Qxe7 Re8 26. Qd6 Qxe4+ 27. Ka1 Rbd8 28. Qxd8 h6
29. Qd4 Qf5 30. Rhe1 Rxe1 31. Rxe1 Kh7 32. Qe4 Qxe4
33. Rxe4 a5 34. c5 f5 {Black - Resign} 1-0

[Event "Game 1715 - Rated game, 5m + 1s"]
[Site "Beginners"]
[Date "2003.09.21"]
[Round "?"]
[White "kmreese"]
[Black "Koeus"]
[Result "1-0"]
[WhiteElo "1391"]
[BlackElo "1034"]
[PlyCount "39"]

1. e4 e5 2. Nf3 g6 3. Bc4 Nc6 4. d3 Nf6
5. Ng5 Bg7 6. Nxf7 O-O 7. Nxd8+ Kh8 8. Nf7+ Rxf7
9. Bxf7 Nd4 10. Bg5 Nxe4 11. dxe4 Nb5 12. O-O d6
13. f4 Bd7 14. fxe5 dxe5 15. Qxd7 Rf8 16. Qxb5 Rxf7
17. Rxf7 c6 18. Qxb7 c5 19. Qc8+ Bf8 20. Qxf8# 1-0

[Event "Game 1717 - Rated game, 10m + 5s"]
[Site "Main Playing Hall"]
[Date "2003.09.21"]
[Round "?"]
[White "slamit"]
[Black "kmreese"]
[Result "0-1"]
[WhiteElo "1141"]
[BlackElo "1395"]
[PlyCount "28"]

1. b3 d5 2. d4 Nf6 3. Nf3 Nc6 4. Nc3 e6
5. Bf4 Nb4 6. Nb5 e5 7. Bxe5 Na6 8. Ng5 Bb4+
9. c3 c6 10. Nd6+ Kf8 11. cxb4 Nxb4 12. Ndxf7 Qa5
13. Bd6+ Kg8 14. Nxh8 Nc2# 0-1

[Event "Game 1718 - Rated game, 10m + 0s"]
[Site "Beginners"]
[Date "2003.09.22"]
[Round "?"]
[White "kmreese"]
[Black "Othello_Do"]
[Result "0-1"]
[WhiteElo "1402"]
[BlackElo "1273"]
[Annotator "White - Resign"]
[PlyCount "48"]

1. e4 c5 2. Nf3 Nc6 3. Bc4 e6 4. e5 b6
5. d3 Qc7 6. Bf4 Bb7 7. O-O Nh6 8. Re1 Nf5
9. Nc3 Ncd4 10. Nxd4 Nxd4 11. Kh1 Qc6 12. f3 Be7
13. Ne2 Nxf3 14. d4 Nxe1 15. d5 exd5 16. Bxd5 Qxd5
17. Qxd5 Bxd5 18. Rxe1 Bxa2 19. Nc3 Be6 20. Nb5 g5
21. Nc7+ Kd8 22. Nxa8 gxf4 23. Rd1 Kc8 24. Ra1 Kb7 {White - Resign} 0-1

[Event "Game 1719 - Rated game, 10m + 2s"]
[Site "Main Playing Hall"]
[Date "2003.09.22"]
[Round "?"]
[White "ektor_king"]
[Black "kmreese"]
[Result "1/2-1/2"]
[WhiteElo "1301"]
[BlackElo "1383"]
[Annotator "Stalemate"]
[PlyCount "138"]
[EventDate "2003.??.??"]

1. e4 c5 2. Nf3 d6 3. e5 Nc6 4. exd6 exd6
5. Qe2+ Be6 6. Ng5 Nd4 7. Qe4 Qxg5 8. c3 d5
9. Qd3 Bf5 10. Qe3+ Qxe3+ 11. fxe3 Nc2+ 12. Kd1 Nxa1
13. Bb5+ Bd7 14. Bxd7+ Kxd7 15. Na3 Nf6 16. Rf1 a6
17. c4 d4 18. exd4 Ne4 19. Rxf7+ Ke8 20. Rxb7 Rd8
21. dxc5 Nf2+ 22. Ke1 Bxc5 23. Nb1 Nd3+ 24. Kd1 Rf8
25. Ke2 Rf2+ 26. Kd1 Nxb2+ 27. Rxb2 Rf1+ 28. Ke2 Rf2+
29. Ke1 Rxg2 30. d3 Rg1+ 31. Kd2 a5 32. Rb5 Rg2+
33. Kd1 Rxd3+ 34. Bd2 Rg1+ 35. Ke2 Rh3 36. Rxc5 Rxh2+
37. Kd3 Rg3+ 38. Ke4 Rxd2 39. Nxd2 Nc2 40. Rxa5 g6
41. c5 h5 42. c6 Kd8 43. Kd5 Rd3+ 44. Ke6 Rxd2
45. Ra8+ Kc7 46. Ra6 h4 47. a4 h3 48. a5 h2
49. Ra7+ Kxc6 50. Rh7 Nd4+ 51. Ke5 Nf3+ 52. Ke4 Ng5+
53. Ke3 Nxh7 54. Kxd2 h1=Q 55. Kc3 Kb5 56. Kb3 Kxa5
57. Ka3 g5 58. Kb3 g4 59. Kc3 g3 60. Kd3 g2
61. Ke3 g1=Q+ 62. Kd3 Qc1 63. Kd4 Qhd1+ 64. Ke5 Kb5
65. Kf5 Qe1 66. Kg6 Qg5+ 67. Kf7 Qf4+ 68. Kg8 Qg1+
69. Kh8 Nf6 { Stalemate} 1/2-1/2